Banderas con amarillo y azul - ¡Muerte súbita! - Estadísticas

Estadísticas generales
  • Esta prueba ha sido intentada 39 veces
  • La puntuación promedio es 8 de 16
Answers on the Grid
Answers color-coded by a green-red scale on the quiz's grid according to % correct below.
Ucrania
Rusia
Barbados
España
Estados Unidos
Afganistan
Malta
Bosnia y Herzerovina
Suecia
Suiza
Islandia
Rumania
Kazajistan
India
Niger
Chad
Palaos
Armenia
Nauru
Tuvalu
Venezuela
Bulgaria
Burundi
Ecuador
Trinidad y Tobago
Cuba
Ruanda
San Vicente y las Granadinas
Guinea-Bissau
Taiwan
Colombia
Gabon
 
Estadísticas de respuestas
Respuesta % Correcto
Ucrania
96%
Suecia
77%
Barbados
73%
Bosnia y Herzerovina
73%
Kazajistan
62%
Rumania
62%
Palaos
50%
Venezuela
50%
Chad
46%
Colombia
46%
Ecuador
38%
San Vicente y las Granadinas
35%
Gabon
31%
Nauru
23%
Ruanda
19%
Tuvalu
19%
No se encontraron pruebas coincidentes
Distribución de puntuación
Porcentaje de gente con cada puntuación
Porcentaje por número respondido
Historial de tus puntuaciones
No has intentado esta prueba.